000 00446nam a2200169 a 4500
001 2470
003 CO-ViMGA
008 141112s2004 ck r 000 u spa d
040 _aCO-ViMGA
_bspa
_cCO-ViMGA
082 0 4 _aSOLe
100 1 _aSolórzano Sánchez, Luis Fernando
_951394
245 1 0 _aLos espantos de mi pueblo
260 _aSantafé de Bogotá :
_bEcoe,
_c1994
300 _a59 p
650 1 4 _aCUENTOS INFANTILES
_92743
942 _2ddc
_cBK
999 _c14549
_d14549